000 01152nam a22003257a 4500
003 CHAP
005 20220329143803.0
008 110817s1980 mx r 00010 spa d
010 _a101864
011 _a102836
035 _a113525
040 _cCHAP
082 0 4 _a337
_bB73
100 1 _aBrandt, Willy
_915042
245 1 0 _aNorte Sur un programa para la supervivencia :
_binforme de la comisión independiente sobre problemas internacionales del desarrollo
_c/por Willy Brandt
260 _aBogotá, Col. :
_bPluma,
_c1980
300 _a462 p. :
_bilus.
590 _aBATCH-UPD
_b10
_c20130110
_lUCH01
_h1700
590 _aBATCH-UPD
_b10
_c20130410
_lUCH01
_h1048
590 _aBATCH-UPD
_b10
_c20130914
_lUCH01
_h0750
590 _aCONVERSION
_b10
_c20130109
_lUCH01
_h1356
650 0 4 _aCrecimiento.
_928871
650 0 4 _aEconomía
_xHistoria
_xEuropa.
_935240
650 0 4 _aPaíses subdesarrollados
_xCondiciones económicas.
_985152
650 0 4 _aProblemas sociales.
_991706
650 0 4 _aRelaciones económicas internacionales.
_995813
901 _aBK
942 _cLIBRO
949 _a337 B73
_bBC
_cLIBRO
_d33724002304603
_eLIBRO
_h115638
_i113525
_sb
999 _c101864
_d101864